1922 1680 1097 1992 1372 1534 1235 1857 1852 1306 1402 1245 1451 1028 1837 1969 1629 1313 1327 1027 1882 1729 1016 1185 1021 1664 1105 1745 1091 1650 1661 1687 1267 1015 1304 1293 1605 1303 1609 1490 1979 1053 1062 1639 1571 1082 1908 1522 1769 1770 1581 1259 1086 1808 1051 1325 1451 1113 1176 1668 1042 1980 1520 1125 1038 1363 1960 1805 1185 1741 1911 1266 1443 1875 1132 1367 1293 1124 1848 1102 1146 1505 1087 1151 1923 1509 1957 1194 1154 1019 1612 1460 1733 1719 1835 1467 1287 1086 1282 BCNSPRNW ULIB Ver.6.0+V

เปลี่ยนเป็นภาษาไทย

Change to English
 แสดงรายละเอียดบรรณานุกรม
  กลับหน้าหลัก

Brief Record : Get Marc (ISO 2709) : E-mail record : QR code < ปิดหน้าต่าง
LEADER : 00000nam 2200000uu 4500
001    13399113663
003     ULIB
008    111213s2550||||th 000 0 tha d
020    ^a9789747706567
090    ^aนว.^bต289ห 2550
100 0  ^aZ
245 00 ^aความรู้สึกดี...ที่เรียกว่ารัก ชุดพิเศษ ให้หัวใจเติมเต็มรัก/^cZ
250    ^aพิมพ์ครั้งที่ 2
260    ^aกรุงเทพฯ :^bแจ่มใส,^c2550
300    ^a254 หน้า
700 0  ^aZ
710 1  ^aแจ่มใส
945    ^p159^l0^i14463
995    ^aกัณชพร
999    ^aใช้งานได้ทุกระบบ
รายการนี้ยังไม่มีแท็ก
คุณยังไม่ได้ล็อกอิน คุณสามารถมีกิจกรรมร่วมกับเว็บไซต์ได้ แต่ต้องล็อกอินก่อน ::
  ล็อกอิน

รายการสื่อสารสนเทศ

ลำดับที่ ประเภท เลขเรียก/บาร์โค้ด สถานที่ สถานะ
- ไม่พบข้อมูล -

รายการใกล้เคียง
    ผู้แต่ง [Z]

BibComment


ยังไม่เคยถูกคอมเมนท์

คอมเมนท์ทรัพยากรรายการนี้
  คอมเมนท์: ความรู้สึกดีที่เ..


 Copyright 2026. Bcnsprnw @Library